000 01087cab a2200325 4500
001 ABS52745
008 090401t1995 xxu||||| |||| 00| 0 eng d
035 _a(Sirsi) u93958
041 _aeng
100 _aClarke, D.
245 _aLeasehold enfranchisement: limits to a loophole
260 _c1995
350 _a0
490 _aSolicitors` Journal
_v139(13) 7 April 1995, 314-315(2)
520 _aExplains the pitfalls for landlords, who try to prevent collective enfranchisement by severing the freehold horizontally or vertically.
650 _aCOLLECTIVE ENFRANCHISEMENT
650 _aDISPOSAL
650 _aFLATS
650 _aFREEHOLD
650 _aHORIZONTAL DIVISION
650 _aLANDLORD AND TENANT ACT 1987 S4
650 _aLEASEHOLD ENFRANCHISEMENT
650 _aLEASEHOLD REFORM, HOUSING AND URBAN DEVELOPMENT ACT 1993 S19(1)(A)
650 _aLEASEHOLD REFORM, HOUSING AND URBAN DEVELOPMENT ACT 1993
650 _aSEVERANCE
650 _aVERTICAL DIVISION
690 _aLANDLORD AND TENANT-LEASEHOLD REFORM
942 _n0
948 _c04/03/1997
999 _c59543
_d59543